Statistiques concernant Les 10 clubs allemands avec le plus de Bundesliga.

Cliquez ici pour prendre le quiz!

Statistiques générales

  • Ce quiz a été pris 105 fois
    (74 depuis la dernière actualisation)
  • Le résultat moyen est 5 sur 10

Statistiques - réponses

BundesligaClubs% Correct
33Bayern Munich
100%
8Borussia Dortmund
80%
6Hambourg
68%
7Schalke 04
62%
4Werder Breme
51%
5Stuttgart
45%
3Cologne
42%
5M'gladbach
27%
9Nuremberg
27%
4Kaiserslautern
14%

Distribution des résultats

Percentile par nombre de réponses

% des personnes avec chaque résultat

Votre développement - résultats

Vous n’avez pas pris ce quiz depuis la dernière actualisation